UBT Library

SOA-based enterprise integration (Record no. 887)

000 -LEADER
fixed length control field 00564nam a22001817a 4500
008 - FIXED-LENGTH DATA ELEMENTS--GENERAL INFORMATION
fixed length control field 150521b xxu||||| |||| 00| 0 eng d
020 ## - INTERNATIONAL STANDARD BOOK NUMBER
International Standard Book Number 9780071605526
041 0# - LANGUAGE CODE
Language code of text/sound track or separate title eng
080 ## - UNIVERSAL DECIMAL CLASSIFICATION NUMBER
Universal Decimal Classification number 004.273
100 1# - Rafti
Rafti Roshen, Waseem,
245 10 - TITLE STATEMENT
Title SOA-based enterprise integration
Statement of responsibility, etc Waseem Roshen.
260 ## -
-- New York :
-- McGraw-Hill,
-- c2009.
300 ## -
-- 364 f.:
-- me il.;
-- 24 cm.
650 #0 -
-- Kompjuterët
650 #0 -
-- Software
650 #0 -
-- Architecture
942 ## - ADDED ENTRY ELEMENTS (KOHA)
Source of classification or shelving scheme
Item type Books
Holdings
Withdrawn status Lost status Source of classification or shelving scheme Damaged status Not for loan Collection code Permanent location Current location Shelving location Date acquired Total Checkouts Full call number Barcode Date last seen Koha item type
          Koleksioni i përgjithshem UBT - Lipjan UBT - Lipjan Koleksioni i përgjithshem 05/21/2015   004.273 ROS 002-008695 05/21/2015 Books
          Koleksioni i përgjithshem UBT - Prishtine UBT - Prishtine Koleksioni i përgjithshem 06/01/2015   004.423 ROS 002-008689 06/01/2015 Books
UBT Library © 2015-2024. All rights reserved University Education for Business and Technology